Historyczne stolice państw - Statystyki

Ogólne statystyki
  • Ten quiz został rozwiązany 39 razy
  • Średni wynik to 23 z 92
Statystyki odpowiedzi
Państwo Stolica Okres % Poprawnych
Polska Gniezno do 1039/1040
95%
Polska Kraków 1039/1040-1079
95%
Polska Kraków 1138-1290
95%
Polska Kraków 1296-1795
95%
Brazylia Rio de Janeiro do 1960
81%
Portugalia Rio de Janeiro 1808-1821
81%
Polska Poznań 1290-1296
76%
Polska Płock 1079-1138
65%
Niemcy Bonn 1949-1990
62%
Stany Zjednoczone Nowy Jork 1785-1790
62%
Turcja / Imperium Osmańskie Stambuł 1453-1923
62%
Litwa Kowno 1922-1940
59%
Kanada Toronto 1849-1859
59%
Polska Lublin 1918
54%
Polska Lublin 1944
54%
Australia Melbourne 1901-1927
54%
Włochy Turyn 1861-1865
54%
Rosja Sankt Petersburg 1703-1918
51%
Japonia Kioto do 1868
46%
Nigeria Lagos do 1991
43%
Polska Łódź 1945
41%
Kanada Montreal 1843-1849
41%
Turcja / Imperium Osmańskie Edirne 1365-1453
38%
Stany Zjednoczone Filadelfia 1790-1800
38%
Włochy Florencja 1865-1870
38%
Pakistan Karaczi do 1959
38%
Chiny Nankin 1368-1421
38%
Chiny Nankin 1928-1937
38%
Chiny Nankin 1945-1949
38%
Kazachstan Ałmaty do 1997
35%
Nowa Zelandia Auckland do 1865
35%
Indie Kalkuta do 1912
35%
Szwecja Uppsala 1273-1460
32%
Norwegia Bergen do 1299
30%
Wybrzeże Kości Słoniowej Abidżan 1933-1983
27%
Belize Belize City do 1970
27%
Norwegia Nigaros / Trondheim do 1217
27%
Litwa Troki 1321-połowa XIV wieku
27%
Finlandia Turku do 1812
27%
Persja (obecnie Iran) Isfahan 1598-1750
24%
Mjanma Rangun 1886-2006
24%
Rumunia Jassy 1916-1918
22%
Kanada Quebec 1859-1865
22%
Turcja / Imperium Osmańskie Bursa 1335-1365
19%
Portugalia Coimbra 1131-1255
16%
Filipiny Quezon City 1948-1976
16%
Uzbekistan Samarkanda 1925-1930
16%
Etiopia Aksum 1 w. p.n.e -1889
14%
Czarnogóra Cetynia do 1946
14%
Chiny Hangzhou 1127-1279
14%
Albania Wlora 1912-1920
14%
Chiny Chongqing 1937-1945
11%
Dania Roskilde do 1443
11%
Bułgaria Wielkie Tyrnowo 1186-1393
11%
Syjam (obecnie Tajlandia) Ayutthaya ?
8%
Litwa Nowogródek 1230-1321
8%
Pakistan Rawalpindi 1959-1967
8%
Persja (obecnie Iran) Sziraz 1750-1782
8%
Chiny Chang'an 618-907
5%
Palau Koror do 2006
5%
Chiny Luoyang 25-220
5%
Bułgaria Pliska 681-893
5%
Bułgaria Presław 893-972
5%
Persja (obecnie Iran) Tabriz 1502-1548
5%
Portugalia Guimaraes 1095-1131
3%
Chiny Kaifeng 960-1127
3%
Persja (obecnie Iran) Kazwin 1548-1598
3%
Kanada Kingston 1841-1843
3%
Bermudy St. George's do 1815
3%
Mjanma Amayabuya ?
0%
Mjanma Awa ?
0%
Złote Wybrzeże (obecnie Ghana) Cape Coast do 1877
0%
Kostaryka Cartago do 1823
0%
Wyspa Man Castletown do 1863
0%
Chiny Changyan 206 p.n.e -25
0%
Honduras Comayagua do 1880
0%
Nikaragua Granada i Leon do 1855
0%
Japonia Heijo-kyo 710-740
0%
Japonia Heijo-kyo 745-784
0%
Litwa Kiernów do 1230
0%
Japonia Kuni-kyo 740-744
0%
Mjanma Mandalaj ?
0%
Mjanma Mulmejn / Sittwe ?
0%
Japonia Nagaoka-kyo 784-794
0%
Salwador Nueva Santa Salvador (obecnie Santa Tecla) 1855-1859
0%
Mjanma Pagan ?
0%
Mjanma Pyain ?
0%
Brazylia Salvador da Bahia do 1763
0%
Persja (obecnie Iran) Sari 1782-1795
0%
Mjanma Sikong ?
0%
Mjanma Taungngu ?
0%
Chiny Xianyang 221-206 p.n.e
0%
Nie znaleziono quizów pasujących do podanych kryteriów
Rozkład punktacji
Procent ludzi z każdym wynikiem
Percentyl według liczby udzielonych odpowiedzi
Twoja historia wyników
Nie rozwiązałeś tego quizu